El otro (Record no. 188627)

MARC details
000 -LEADER
campo de control de longitud fija 00820nam a2200229 i 4500
001 - NÚMERO DE CONTROL
campo de control 188627
003 - IDENTIFICADOR DE NÚMERO DE CONTROL
campo de control ES-MaACL
005 - FECHA Y HORA DE LA ÚLTIMA TRANSACCIÓN
campo de control 20250824081508.0
007 - CAMPO FIJO DE DESCRIPCIÓN FÍSICA--INFORMACIÓN GENERAL
campo de control de longitud fija t|
008 - DATOS DE LONGITUD FIJA--INFORMACIÓN GENERAL
campo de control de longitud fija 190115s1964 sp ||||1| spa d
100 1# - ENTRADA PRINCIPAL--NOMBRE DE PERSONA
Nombre de persona Unamuno, Miguel de,
Fechas asociadas al nombre 1864-1936
9 (RLIN) 111982
245 13 - MENCIÓN DEL TÍTULO
Título El otro
Resto del título : misterio en tres jornadas y un epílogo /
Mención de responsabilidad, etc. Miguel de Unamuno ; textos del Dr. Antonio Colodrón, José Sanchís Sinisterra y José M. Azpeitia.
260 ## - PUBLICACIÓN, DISTRIBUCIÓN, ETC.
Lugar de publicación, distribución, etc. Barcelona :
Nombre del editor, distribuidor, etc. Aymá,
Fecha de publicación, distribución, etc. 1964.
300 ## - DESCRIPCIÓN FÍSICA
Extensión 137 p., 2 lám. ;
Dimensiones 19 cm.
490 1# - MENCIÓN DE SERIE
Mención de serie Voz imagen. Teatro ;
Designación de volumen o secuencia 3
700 1# - ENTRADA AGREGADA--NOMBRE PERSONAL
Nombre de persona Azpeitia, José Manuel.
9 (RLIN) 165968
700 1# - ENTRADA AGREGADA--NOMBRE PERSONAL
Nombre de persona Sanchis Sinisterra, José.
9 (RLIN) 103020
700 1# - ENTRADA AGREGADA--NOMBRE PERSONAL
Nombre de persona Colodrón, Antonio.
9 (RLIN) 39784
830 10 - PUNTO DE ACCESO ADICIONAL DE SERIE-TÍTULO UNIFORME
Título uniforme Voz imagen.
Nombre de parte o sección de la obra Teatro
Designación de volumen o secuencia 3
9 (RLIN) 193124
852 ## - LOCALIZACIÓN
Ubicación ES-MaACL
Número de control de estantería P-295-Ter-2
Holdings
Estatus retirado Estado de pérdida Estado de daño No para préstamo Biblioteca de origen Biblioteca actual Ubicación en estantería Fecha de adquisición Fuente de adquisición Total de préstamos Signatura topográfica completa Código de barras Visto por última vez Precio de reemplazo Tipo de ítem Koha
        Biblioteca del Ateneo de Madrid Biblioteca del Ateneo de Madrid Depósito 2 15/01/2019     P-292-Ter-2 1199622 23/02/2023 23/02/2023 Libro impreso